| 000 -LEADER |
| fixed length control field |
00639nam a22002177a 4500 |
| 008 - FIXED-LENGTH DATA ELEMENTS--GENERAL INFORMATION |
| fixed length control field |
151126b xxu||||| |||| 00| 0 eng d |
| 020 ## - INTERNATIONAL STANDARD BOOK NUMBER |
| International Standard Book Number |
9780764137549 |
| 020 ## - INTERNATIONAL STANDARD BOOK NUMBER |
| International Standard Book Number |
0764137549 |
| 041 0# - LANGUAGE CODE |
| Language code of text/sound track or separate title |
eng |
| 080 ## - UNIVERSAL DECIMAL CLASSIFICATION NUMBER |
| Universal Decimal Classification number |
61 |
| 245 00 - TITLE STATEMENT |
| Title |
New MCAT 2007 / |
| Statement of responsibility, etc |
Hugo R. Seibel ... [et al.]. |
| 246 3# - VARYING FORM OF TITLE |
| Title proper/short title |
Barron's new MCAT 2007 |
| 246 3# - VARYING FORM OF TITLE |
| Title proper/short title |
New Medical College Admission Test 2007 |
| 246 3# - VARYING FORM OF TITLE |
| Title proper/short title |
Medical College Admission Test 2007 |
| 250 ## - |
| -- |
11th ed. |
| 260 ## - |
| -- |
Hauppauge, N.Y. : |
| -- |
Barron's Educational Series, |
| -- |
c2007. |
| 300 ## - |
| -- |
xxii, 553 f. : |
| -- |
me ill. ; |
| -- |
28 cm. |
| 650 #0 - |
| -- |
Mjekësi |
| 700 1# - |
| -- |
Seibel, Hugo R. |
| 942 ## - ADDED ENTRY ELEMENTS (KOHA) |
| Source of classification or shelving scheme |
|
| Item type |
Books |